000 00639nam a2200277Ia 4500
005 20260324135814.0
008 008 260324s9999 xx 000 0 eng d
020 _a9781315026961
037 _aEBOOK
040 _aCRL
040 _beng
040 _cCRL
041 _2eng
041 _aeng
084 _qCRL
100 _aJ. F. Baddeley
_91201982
245 4 _aThe Russian Conquest of the Caucasus
260 _bTaylor and Francis
260 _c1999
365 _a
365 _b570
856 _uhttp://www.taylorfrancis.com/books/9781315026961
942 _cEBOOK
999 _c1803434
_d1803434